MDQL
is popping MORE tags! Check the
thread
!
Quizzes
Events
Quiz Creation
Community
Videos
Private Events
Remove Ads
Sign In
Join for FREE
Feedback
Dark Mode
Quiz Categories
Sports
Geography
Music
Movies
Television
Just For Fun
Miscellaneous
History
Literature
Language
Science
Gaming
Entertainment
Religion
Holiday
For Kids
Quiz Lab
Recent
Popular Today
Quiz Kudos Today
Editor Picks
Curator Picks
Quizzes by...
Day
Popularity
Type
Ratings
Length
Year
Community
Subscriptions
Recent Discussions
Orange Saloon
Badges
Playlists
Quests
Create
Leaderboards
Showdown
Live 5
Trivia Bingo
Activity
Puzzle Library
Sporcle Events
Private Events
Virtual Trivia
Globe League
Become a Host
Pub Owners
SporcleCon
Opinionation
Our Games
Videos
Blog
Mobile Apps
Partnerships
Remove Ads and Go Orange
Feedback
Gaming
Video Games
Board Games
Card Games
Pokémon
Mario
Nintendo
Minecraft
Console
Toys
Legend of Zelda
Gaming
Video Games
Board Games
Card Games
Pokémon
Mario
Nintendo
Minecraft
Console
Toys
Legend of Zelda
Random Quiz
Search Sporcle
×
Quiz Lab
Quiz Lab
Gaming
Nintendo
Type in answers that appear in a list
Type in answers that appear in a list
Classic
Best Score? Go Orange.
Video Games of King Boo Stats
Can you name every video game that King Boo has been in?
By
CelestiaX
12m
36 Questions
38 Plays
38 Plays
38 Plays
Comments
Comments
Give Quiz Kudos
Give Quiz Kudos
-
- Ratings
hide this ad
Replay
Link that replays current quiz
Next Quiz
Link to next quiz in quiz playlist
You Got
0%
They Got
Avg Score
67%
Avg Friend Score
Upgrade to see
Score Distribution
Jump to the score distribution portion of the page
Score
0/36
Timer
12:00
0
Plays Today
Year
Game
% Correct
2023
Super Mario Bros. Wonder
100%
2001
Luigi's Mansion
97.4%
2017
Luigi's Mansion Arcade
97.4%
2013
Luigi's Mansion: Dark Moon
92.1%
2008
Mario Kart Wii
92.1%
2019
Luigi's Mansion 3
89.5%
2007
Mario Party 8
89.5%
2012
Mario Party 9
89.5%
2015
Mario Party 10
89.5%
2016
Mario Party: Star Rush
89.5%
2014
Super Smash Bros. for Wii U & 3DS
89.5%
2018
Super Smash Bros. Ultimate
89.5%
2003
Mario Kart: Double Dash!!
86.8%
2019
Mario Kart Tour
86.8%
2017
Mario Kart 8 Deluxe
81.6%
2002
Super Mario Sunshine
76.3%
2005
Mario Kart DS
73.7%
2018
Mario Tennis Aces
73.7%
Year
Game
% Correct
2021
Mario Party Superstars
72.7%
2019
Dr. Mario World
66.7%
2004
Super Mario 64 DS
65.8%
2008
Mario Kart Arcade GP 2
65.8%
2008
Mario Super Sluggers
65.8%
2009
Mario & Sonic at the Olympic Winter Games
65.8%
2011
Mario & Sonic at the London 2012 Olympic Games
65.8%
2013
Mario & Sonic at the Sochi 2014 Olympic Winter Games
65.8%
2005
Mario Superstar Baseball
63.2%
2014
Mario Kart Arcade GP DX
60.5%
2013
New Super Luigi U
57.9%
2014
Mario Golf: World Tour
57.9%
2020
Super Mario 3D All-Stars
53.8%
2006
Super Princess Peach
50%
2016
Mario & Luigi: Paper Jam
50%
2017
Mario + Rabbids Kingdom Battle
44.7%
2019
New Super Mario Bros. U Deluxe
39.5%
2015
Puzzle & Dragons: Super Mario Bros. Edition
28.9%
Quiz Playlist
Details
Report
Send in Message
Add To Playlist
Classic:
Type in answers that appear in a list
Last Updated: Oct 23, 2022
Quiz Scoreboard
CHALLENGE
Sign Up to Join the Scoreboard
Show All
Scores
Hide
Comments
May contain spoilers
Recently Published
5x2 Blitz: Bands
by SL_Kpop136
Music
30s
Colored Red Africa Blitz
by spor1
Geography
30s
Find the 'City' Movie
by crazypaving
Movies
60s
More to Explore
Quiz From the Vault
Featured Blog Post
14 Easter Pick-up Lines to Find Eggs With
hide this ad
You Might Also Like...
Tags
Mario Quiz
Nintendo Quiz
Video Games Quiz
Today's Top Quizzes in Gaming
Browse Gaming
hide this ad
Today's Top Quizzes in Nintendo
Browse Nintendo
Top Contributed Quizzes in Gaming
1
5-to-1: Consoles
2
7-to-1: Board Game Piece Blitz
3
5-to-1: Legend of Zelda
4
League of Legends Pro Players by Career/Team History
5
Destiny 2 exotic weapons by perk icons
6
Ultimate Genshin Impact Logic Puzzle (up to 4.3)
7
Quick Pick: Video Games Lost in Translation
8
Franchise by Action Figure
9
Who's on the WWE 2K24 Cover?
10
Genshin Impact Logic Puzzle Quiz
Explore More
Trending Topics
Kpop
Harry Potter
Disney
Marvel
Anime
NBA
Crossword
Song
NFL
The Office
Country
Puzzle
Pokémon
Soccer
WWE
hide this ad
More By:
CelestiaX
Quiz
Plays
Rating
Category
Featured
Created
Anime/Cartoon Same Names
820
4.14
Television
Apr 18, 2019
WWE Ruthless Aggression Era In 2018
546
3.50
Sports
Apr 6, 2018
All Star Vs. The Forces of Evil Characters
431
5.00
Television
Apr 7, 2018
Super Smash Bros. Ultimate Spirit Origins Part 1
414
4.00
Gaming
Jul 10, 2019
Guess the WWE Indy Names
356
5.00
Sports
Jul 10, 2018
Go to Creator's Profile
Score Distribution
Quiz Creator Spotlight
CelestiaX
Follow
Send a Message
Quizzes Created
-
Created Quiz Play Count
-
More By This Creator
Popular Quizzes Today
1
Find the 'City' Movie
2
5x2 Blitz: Bands
3
Find the US States
4
The Countries of the World
5
Find the US States - No Outlines Minefield
6
Colored Red Africa Blitz
7
Risky Map Clicking: Biggest States A-Z
8
9x9 Crossword: Cartoon Network
More Gaming Quizzes
Super Mario Bros. 1-1
Published
Trending Quizzes
Quick Pick: 2022 March Madness Nicknames
Quick Pick: Essex's Borders
'Raiders of the Lost Ark' Start to Finish
Street Fighter Characters
Disney or Dickinson?
Recently Updated
Champions League XIs: Real Madrid
pecheneg
Largest US Cities 1790-2010
pecheneg
Rides in Walt Disney World
pecheneg
Most Oscar Losses (Acting)
pecheneg
Beyoncé Albums
pecheneg
Leaping Animals
pecheneg
Reality TV Shows (A-Z)
bhenderson79
Rickey Henderson's Hall of Fame Teammates
pecheneg
Champions League XIs: Arsenal
pecheneg
Quick Pick: Celebrities in WWE's Hall of Fame
aduchscher
Trending Topics
Marvel
Crossword
Harry Potter
NBA
Disney
Anime
Kpop
NFL
Puzzle
Soccer
The Office
Country
Song
WWE
Pokémon
Your Account Isn't Verified!
In order to create a playlist on Sporcle, you need to verify the email address you used during registration. Go to your
Sporcle Settings
to finish the process.
Report this User
Report this user for behavior that violates our
Community Guidelines
.
Details:
Send Report
Go to the Sporcle.com Mobile Site →
Comments